000 00437nam a2200145 a 4500
001 000004609
005 20200929151453.0
008 090724s2007 dr 001 0 spa d
020 _a9789945406528
040 _aDO-SdBNP
_bspa
_cBNPHU
245 1 0 _aMemorias 2006 /.
260 _aSanto Domingo :
_bEditora Alfa y Omega,
_c2007.
300 _a85 P. :
_bil., r ;
_c28 cm.
710 2 _aInstituto Nacional de Recursos HidrĂ¡ulicos (INDRHI)
_913445
999 _c4417
_d4417